| 000 | 00746nam a2200253Ia 4500 | ||
|---|---|---|---|
| 001 | 21987 | ||
| 005 | 20260320113331.0 | ||
| 008 | 260320s9999||||xx |||||||||||||| ||und|| | ||
| 020 | _a9788431335045 | ||
| 041 | _aESP | ||
| 082 |
_a179.9 _bS37 |
||
| 100 |
_aSellés, Juan Fernando, _eAUT |
||
| 245 | 0 |
_a33 virtudes humanas según Leonardo Polo _b |
|
| 246 |
_a _5 _b |
||
| 260 |
_aPamplona : _bEdiciones Universidad de Navarra, _c2020 |
||
| 300 |
_a446 páginas : _b _c24 cm. _e |
||
| 440 |
_a _n _v |
||
| 650 | _aFIP | ||
| 653 | _aVirtudes; Virtudes humanas | ||
| 654 | _aCHU | ||
| 700 |
_a _c |
||
| 856 |
_uhttps://0u20jme4p-y-https-www-jstor-org.itmsp.museknowledge.com/ _zVéase además: Base de datos JSTOR |
||
| 942 |
_cLIB _dJUS _fTRC _2ddc _n |
||
| 999 |
_c21987 _d21987 |
||